| 000 | 00673nam a2200157Ia 4500 | ||
|---|---|---|---|
| 005 | 20240820032331.0 | ||
| 008 | 240331s9999 xx 000 0 und d | ||
| 020 | _a0863111297 | ||
| 082 |
_bRAO _a428 |
||
| 100 | _aRao, A.R | ||
| 245 | 2 | _aA Handbook of English usage | |
| 260 |
_aMadras _bOrient Longman Limited _c1990 |
||
| 300 | _a202 p ., | ||
| 500 | _aA Handbook of English usage is a guide for users of English in both formal and informal contexts. it covers key items of usage which often present difficulty, the section on commonly confused words is a detailed listing of such items and is based on the errors normally encountered in spoken English. | ||
| 942 | _cL | ||
| 999 |
_c3018 _d3018 |
||